000 02251nam2a2200421 4500
001 RU\NLR\bibl\297740
005 20260407074407.0
010 _a5-7262-0401-8
_9100
021 _aRU
_b2002-6926
_9337
035 _a(NLR Aleph) 000293049
090 _a1716128
_c1716128
100 _a20020815d2002 |||y0rusy50 ca
101 0 _arus
102 _aRU
105 _ay |||||||||
200 1 _aКонференция "Молодежь и наука"
_eМат. моделирование в геофизике. Охрана окружающей среды и рацион. природопользование
210 _d2002
_aБ. м.
215 _a23 с.
300 _aНа обл.: 60 лет МИФИ, 1942-2002
320 _aБиблиогр. в конце докл.
320 _aИмен. указ. авт. ст.: с. 23
461 0 _1001RU\NLR\bibl\281514
_12001#$aНаучная сессия МИФИ - 2002$vТ. 14, ([Доп.])
_91620425
_aМосковский государственный инженерно-физический институт. Научная сессия (2002)
_cМ.
_d2002
_fМоск. гос. инж.-физ. ин-т (техн. ун-т)
_nМИФИ
_oСб. науч. тр. : [В 14 т.]
_tНаучная сессия МИФИ - 2002
_vТ. 14, ([Доп.])
606 0 _aМатематическое моделирование в геофизике
_91035208
_3RU\NLR\auth\6679923
606 0 _aМатематическое моделирование
_xПрименение в геофизике
_92251603
_3RU\NLR\auth\661350521
610 0 _aГеофизика - Математические методы
610 0 _aОхрана окружающей среды
675 _a681.5(082)
_v3
_zrus
686 _a50
_2rugasnti
686 _a32.965
_2rubbk
686 _aД2в641.0я43
686 _aР456.14-5я43
711 1 2 _a"Молодежь и наука", московская международная телекоммуникационная конф. студентов и молодых ученых
_d5
_f2002
_3RU\NLR\AUTH\8810038434
_9575738
801 0 _aRU
_bRKP
_c20020815
_gPSBO
801 1 _aRU
_bRKP
_c20020815
801 2 _aRU
_bNLR
_c20030129
_grcr
942 _cBOOK
980 _aNB